10 Biggest Countries- Sudden Death - Statistics

General Stats
  • This quiz has been taken 230 times
  • The average score is 6 of 10
Answers on the Grid
Answers color-coded by a green-red scale on the quiz's grid according to % correct below.
Russia
Canada
USA
China
Brazil
India
Australia
Argentina
Algeria
Kazahkstan
DR Congo
Saudi Arabia
Mexico
Indonesia
Sudan
Libya
Iran
Mongolia
Peru
Chad
 
Answer Stats
Answer % Correct
Russia
85%
USA
82%
China
79%
Brazil
73%
Canada
71%
Australia
68%
India
51%
Kazahkstan
40%
Algeria
26%
Argentina
26%
No matching quizzes found
Score Distribution
Percent of People with Each Score
Percentile by Number Answered
Your Score History
You have not taken this quiz